| 000 | 00475nam a2200157Ia 4500 | ||
|---|---|---|---|
| 008 | 210210b2002 xxu||||| |||| 00| 0 eng d | ||
| 020 | _a0 552 14937 3 | ||
| 082 | _a796.358 PERB | ||
| 100 | _aPERRY (Roland). | ||
| 245 | _aBradman's best the worlds greatest cricketer selects his all time best team. | ||
| 260 |
_aGreat Britain. _bCoorgi Books., _c2002 |
||
| 300 | _a458 | ||
| 650 | _aCricket Greatest Cricketer | ||
| 690 | _aAthletic & Outdoor Sports | ||
| 906 | _a057450 | ||
| 999 |
_c105060 _d105060 |
||